01404nam a2200289 a 450000100060000000300080000600500170001400800410003103500190007204000350009104100080012608200270013410000370016124502620019826000850046030000450054550200920059050400300068265000590071265000240077170000500079570000470084570000440089294200130093699900170094995201480096684474BD-RjUL20241208122157.0241208s2022 bg a|||| m||| 00| 0 eng d a(BD-RjUL)84474 aBD-RjULbengcBD-RjULdBD-RjUL aeng 223a362.1976bASP 2022 aASAD, ABUL KALAM MOHAMMAD91461110aPREVALENCE OF DENTAL CARIES, ORAL HYGIENE STATUS AND ASSOCIATED RISK FACTORS AMONG SCHOOL GOING CHILDREN OF RAJSHAHI DISTRICT IN BANGLADESH /cABUL KALAM MOHAMMAD ASAD6Supervisor : Mir Imam Ibne Wahed Co-Supervisor : Ranjan Kumar Barman & Mir Nowazesh Ali  aRajshahi :bInstitute of Biological Sciences (IBSc),University of Rajshahic2022 a[2], xi, 73,[13] leaves :bill.;c29 cm. aThesis (M.Phil.) -- Institute of Biological Sciences (IBSc),University of Rajshahi,2022 aReferences : Leaves 55-67 aSocial ProblemsvDental CariesxSchool Children914612 vOral Hygiene914613 aWahed, Mir Imam Ibne, Supervisor 914614 aBarman, Ranjan Kumar, Co-Supervisor914615 aAli, Mir Nowazesh, Co-Supervisor914181 2ddccTHE c84474d84474 102ddc40718THESESaRUCLbRUCLcDoc/Thed2024-11-07eController of Exam. R.U.l0oTHE 362.1976 ASP 2022pD4974r2024-12-08 00:00:00tC-1yTHE